000 00491nam a22002177a 4500
003 UA-OsUOA
001 38455
007 ta
008 20060510b un ||||| |||| 00| 0 ukr d
100 _aСтепура Павло
090 _a32
_bС11
942 _cSA
040 _aUA-OsUOA
_bukr
_cUA-OsUOA
_dUA-OsUOA
245 _a"Служу Україні"
300 _a2 с.
955 _a0
041 _aukr
080 _a32
773 0 _w38454
650 7 _a32 Політика
_2UDC
999 _c324608
_d324608